| 000 | 01694cam a2200433Ia 4500 | ||
|---|---|---|---|
| 001 | 7934924 | ||
| 003 | OSt | ||
| 005 | 20211214154629.0 | ||
| 006 | m d | ||
| 007 | cr n | ||
| 008 | 040331s2005 flua sb 001 0 eng d | ||
| 020 | _a1574443364 (alk. paper) | ||
| 035 | _a(WaSeSS)ssj0000100300 | ||
| 038 | _akhadija | ||
| 040 |
_aCaPaEBR _cCaPaEBR _dWaSeSS |
||
| 050 | 4 |
_aTS155.63 _b.P36 2005eb |
|
| 050 | 4 | _aTS183 | |
| 082 | 0 | 4 |
_a670.285 _222 _bPAO |
| 100 | 1 |
_aPaolucci, Massimo, _d1961- _935882 |
|
| 210 | 1 | 0 | _aAgent-based manufacturing and control systems |
| 245 | 1 | 0 |
_aAgent-based manufacturing and control systems : _bnew agile manufacturing solutions for achieving peak performance / _cMassimo Paolucci, Roberto Sacile. |
| 260 |
_aBoca Raton, Fla. : _bCRC Press, _cc2005. |
||
| 504 | _aIncludes bibliographical references and index. | ||
| 506 | _aLicense restrictions may limit access. | ||
| 563 | _aHard Cover | ||
| 650 | 0 |
_aComputer integrated manufacturing systems. _918505 |
|
| 650 | 0 |
_aExpert systems (Computer science) _921983 |
|
| 650 | 0 |
_aManufacturing processes _xAutomation. _918504 |
|
| 650 | 0 |
_aProduction control _xData processing. _986618 |
|
| 655 | 7 |
_aElectronic books. _2local _9621 |
|
| 700 | 1 |
_aSacile, Roberto. _986619 |
|
| 710 | 2 |
_aebrary, Inc. _9622 |
|
| 773 | 0 | _tENGnetBASE | |
| 773 | 0 | _tELECTRICALENGINEERINGnetBASE | |
| 856 | 4 | 0 |
_uhttp://www.columbia.edu/cgi-bin/cul/resolve?clio7934924.001 _zFull text available from ELECTRICALENGINEERINGnetBASE |
| 856 | 4 | 0 |
_uhttp://www.columbia.edu/cgi-bin/cul/resolve?clio7934924.002 _zFull text available from ENGnetBASE |
| 910 | _aVendor-generated brief record | ||
| 942 |
_2ddc _cBK |
||
| 999 |
_c31562 _d31562 |
||